[Event "Zonal 1.1 (w)"]
[Site "Delden NED"]
[Date "1993.??.??"]
[Round "1"]
[White "Arkell, Susan"]
[Black "De Vries, Sylvia"]
[Result "1-0"]
[WhiteElo "2335"]
[BlackElo "2175"]
[EventDate "1993.??.??"]
[PlyCount "101"]

1.e4 g5 2.d4 h6 3.h4 g4 4.Ne2 d6 5.Ng3 Nf6 6.Nc3 c6 7.Bf4 Qa5 8.Qd2 Nbd7 
9.O-O-O b5 10.a3 Rb8 11.e5 b4 12.Na2 Nd5 13.Bc4 N7b6 14.axb4 Qa4 15.Bb3 
Qb5 16.exd6 exd6 17.Ne4 Kd7 18.Rhe1 a5 19.Nec3 Nxc3 20.Nxc3 Qxb4 21.Qe2 a4
22.Na2 Qb5 23.Qxb5 cxb5 24.Bxf7 h5 25.Nc3 Bb7 26.Be6+ Kd8 27.Bg5+ Kc7 28.
Nxb5+ Kc6 29.Nc3 d5 30.Bf4 Bh6 31.Bxh6 Rxh6 32.Re5 Kd6 33.Rde1 Rf8 34.Bf5 
Bc8 35.Bxc8 Rxc8 36.Rf5 a3 37.Nb5+ Kd7 38.Nxa3 Kc6 39.Ree5 Rch8 40.c3 Rb8 
41.Kc2 Na4 42.b3 Nb6 43.c4 Ra8 44.cxd5+ Kd7 45.Rf7+ Kd8 46.Nb5 Ra5 47.d6 
Rh8 48.Rb7 Nc8 49.d7 Ra2+ 50.Kd3 Rxf2 51.dxc8=Q+ 1-0

[Event "Zonal 1.1 (w)"]
[Site "Delden NED"]
[Date "1993.??.??"]
[Round "1"]
[White "De Kleuver, Esther"]
[Black "Garcia Vicente, Nieves"]
[Result "0-1"]
[WhiteElo "2130"]
[BlackElo "2235"]
[EventDate "1993.??.??"]
[PlyCount "116"]

1.e4 e5 2.Nc3 Nc6 3.Bc4 Nf6 4.d3 Bc5 5.f4 Bxg1 6.Rxg1 d6 7.f5 Na5 8.Qf3 c6
9.Bg5 b5 10.Bb3 Bb7 11.g4 Qc7 12.Bh4 Nxb3 13.axb3 b4 14.Nd1 d5 15.g5 Nd7 
16.Ne3 Qb6 17.Bf2 Qb5 18.h4 a5 19.h5 O-O-O 20.Ng4 Rhe8 21.Bh4 dxe4 22.dxe4
Nc5 23.Bf2 Ba6 24.Ne3 Rd4 25.Nc4 Rxe4+ 26.Be3 Qb8 27.Rxa5 Bxc4 28.Rxc5 Bd5
29.Rg4 Rxe3+ 30.Qxe3 Qb6 31.Kf2 e4 32.Rg1 Kc7 33.Rd1 Rd8 34.Qf4+ Kb7 35.
Qe3 Rd6 36.Ra1 Rd8 37.Rca5 Qxe3+ 38.Kxe3 Kb6 39.Ra6+ Kc7 40.Ra7+ Kd6 41.
Rxf7 Bxf7 42.f6 gxf6 43.gxf6 Bxh5 44.Kxe4 Bg6+ 45.Kf4 Rf8 46.Kg5 Bxc2 47.
Ra7 h5 48.Rb7 Kc5 49.Re7 Bxb3 50.Kg6 h4 51.Kg7 Rg8+ 52.Kh7 Rg4 53.Re3 Bd5 
54.Kh6 Bf7 55.Kh7 Kd4 56.Re7 Bd5 57.Rd7 Ke5 58.f7 Rf4 0-1

[Event "Zonal 1.1 (w)"]
[Site "Delden NED"]
[Date "1993.??.??"]
[Round "1"]
[White "Flear, Christine"]
[Black "Cooper, Deborah"]
[Result "1-0"]
[WhiteElo "2195"]
[BlackElo "2055"]
[EventDate "1993.??.??"]
[PlyCount "77"]

1.c4 Nf6 2.Nc3 g6 3.d4 Bg7 4.e4 d6 5.h3 O-O 6.Nf3 c5 7.d5 e6 8.Bd3 exd5 9.
exd5 Re8+ 10.Be3 Nh5 11.O-O Nd7 12.g4 Nhf6 13.Nb5 Bf8 14.Bf4 Ne5 15.Re1 a6
16.Nc3 Nfxg4 17.hxg4 Bxg4 18.Bxe5 dxe5 19.Be2 f5 20.Nh2 Bh3 21.Qd3 Qh4 22.
Qg3 Qh6 23.Bf1 Bxf1 24.Nxf1 Bd6 25.Qh2 Qg5+ 26.Qg2 Qf6 27.Re2 Kf7 28.Rae1 
h5 29.Nd2 g5 30.Nce4 fxe4 31.Nxe4 Qh6 32.Nxd6+ Qxd6 33.Qf3+ Kg6 34.Qe4+ 
Kg7 35.Re3 Rad8 36.Rf3 Qg6 37.Rf5 Rf8 38.Qxe5+ Kg8 39.Rxg5 1-0

[Event "Zonal 1.1 (w)"]
[Site "Delden NED"]
[Date "1993.??.??"]
[Round "1"]
[White "Milligan-Scott, Helen"]
[Black "Gervais, Claire"]
[Result "1/2-1/2"]
[WhiteElo "2030"]
[BlackElo "2185"]
[EventDate "1993.??.??"]
[PlyCount "108"]

1.e4 e6 2.d4 d5 3.Nc3 dxe4 4.Nxe4 Nd7 5.g3 Ngf6 6.Nxf6+ Nxf6 7.Bg2 c6 8.
Nf3 Bd6 9.O-O Qc7 10.Qe2 b6 11.Re1 Bb7 12.c4 O-O 13.b3 a5 14.a4 h6 15.Ne5 
c5 16.Bb2 Bxg2 17.Kxg2 Qb7+ 18.Qf3 Qxf3+ 19.Kxf3 Rfd8 20.Rad1 cxd4 21.Nc6 
Rdc8 22.Nxd4 Bb4 23.Rf1 Rc5 24.Nc2 Rf5+ 25.Kg2 Ne4 26.Nxb4 axb4 27.Bd4 Rb8
28.Rfe1 Nc5 29.Bxc5 Rxc5 30.Rd7 Kf8 31.Red1 Rcc8 32.Kf3 Ke8 33.h4 Rd8 34.
Rxd8+ Rxd8 35.Rxd8+ Kxd8 36.Ke4 Kd7 37.Kd4 Kd6 38.c5+ bxc5+ 39.Kc4 Kc6 40.
a5 g6 41.a6 e5 42.a7 Kb7 43.Kxc5 Kxa7 44.Kxb4 Kb6 45.Kc4 Kc6 46.g4 f6 47.
b4 h5 48.gxh5 gxh5 49.b5+ Kb6 50.f3 f5 51.Kd5 e4 52.fxe4 fxe4 53.Kxe4 Kxb5
54.Kf5 Kc6 1/2-1/2

[Event "Zonal 1.1 (w)"]
[Site "Delden NED"]
[Date "1993.??.??"]
[Round "1"]
[White "Mora, Virginie"]
[Black "Jackson, Sheila"]
[Result "1/2-1/2"]
[WhiteElo "2160"]
[BlackElo "2215"]
[EventDate "1993.??.??"]
[PlyCount "35"]

1.d4 Nf6 2.c4 e6 3.Nf3 d5 4.Nc3 Be7 5.Bg5 h6 6.Bh4 O-O 7.e3 b6 8.Be2 Bb7 
9.O-O Nbd7 10.Rc1 c5 11.cxd5 Nxd5 12.Bxe7 Qxe7 13.Bb5 Rfd8 14.Qe2 Rac8 15.
Ba6 N7f6 16.Nxd5 exd5 17.Bd3 Ne4 18.Rfd1 1/2-1/2

[Event "Zonal 1.1 (w)"]
[Site "Delden NED"]
[Date "1993.??.??"]
[Round "1"]
[White "Sziva, Erika"]
[Black "Hunt, Harriet"]
[Result "1/2-1/2"]
[WhiteElo "2235"]
[BlackElo "2125"]
[EventDate "1993.??.??"]
[PlyCount "76"]

1.e4 c6 2.d4 d5 3.exd5 cxd5 4.c4 Nf6 5.Nc3 e6 6.Nf3 Bb4 7.cxd5 Nxd5 8.Qb3 
Nc6 9.Bd3 O-O 10.O-O Be7 11.a3 Bf6 12.Rd1 Qb6 13.Qc2 h6 14.Be4 Rd8 15.Na4 
Qc7 16.Be3 b6 17.Rac1 Bb7 18.b4 Qd7 19.Nb2 Rac8 20.Qb3 Nce7 21.Bb1 Nf5 22.
Nc4 Ndxe3 23.fxe3 Bd5 24.Bxf5 exf5 25.Qd3 Qe6 26.Nce5 Re8 27.Qa6 Bxe5 28.
Rxc8 Bxh2+ 29.Kxh2 Rxc8 30.Qd3 Be4 31.Qe2 Qd5 32.Ne5 Rc3 33.a4 Qb3 34.Rd2 
Qxb4 35.Qa6 Rc1 36.Qxa7 Qxd2 37.Qxf7+ Kh7 38.Qg6+ Kg8 1/2-1/2

[Event "Zonal 1.1 (w)"]
[Site "Delden NED"]
[Date "1993.??.??"]
[Round "1"]
[White "Van Parreren, Hanneke"]
[Black "Foulon, Greta"]
[Result "1-0"]
[WhiteElo "2185"]
[BlackElo "2010"]
[EventDate "1993.??.??"]
[PlyCount "47"]

1.d4 Nf6 2.c4 g6 3.Nf3 Bg7 4.g3 O-O 5.Bg2 d6 6.O-O c6 7.Nc3 Nbd7 8.e4 e5 
9.h3 Qb6 10.Re1 Qb4 11.Bf1 exd4 12.Nxd4 Re8 13.Nc2 Qb6 14.Be3 Qc7 15.Bg2 
Ne5 16.b3 Nfd7 17.Nd4 Nc5 18.Qc2 Ned3 19.Red1 Nb4 20.Qd2 a5 21.Rab1 Be6 
22.a3 Nbd3 23.Nxe6 Rxe6 24.b4 1-0

[Event "Zonal 1.1 (w)"]
[Site "Delden NED"]
[Date "1993.??.??"]
[Round "2"]
[White "De Vries, Sylvia"]
[Black "Milligan-Scott, Helen"]
[Result "1-0"]
[WhiteElo "2175"]
[BlackElo "2030"]
[EventDate "1993.??.??"]
[PlyCount "69"]

1.d4 Nf6 2.c4 g6 3.Nc3 Bg7 4.e4 d6 5.Nge2 O-O 6.Ng3 e5 7.d5 c5 8.Be2 Na6 
9.h4 h5 10.Bg5 Qe8 11.Qd2 Nc7 12.a4 Bd7 13.Ra3 Kh7 14.Nf1 Rh8 15.f3 Ng8 
16.g4 Bh6 17.gxh5 gxh5 18.f4 f6 19.f5 fxg5 20.hxg5 Nf6 21.Ng3 Qg8 22.Nxh5 
Nxh5 23.Rxh5 Kg7 24.gxh6+ Kf6 25.Qe3 Be8 26.Rh1 Qg5 27.Qxg5+ Kxg5 28.Nd1 
Bf7 29.Rg3+ Kf6 30.h7 Ne8 31.Ne3 a6 32.Rh6+ Ke7 33.f6+ Kf8 34.Nf5 Rb8 35.
Ng7 1-0

[Event "Zonal 1.1 (w)"]
[Site "Delden NED"]
[Date "1993.??.??"]
[Round "2"]
[White "Foulon, Greta"]
[Black "De Kleuver, Esther"]
[Result "1/2-1/2"]
[WhiteElo "2010"]
[BlackElo "2130"]
[EventDate "1993.??.??"]
[PlyCount "70"]

1.d4 Nf6 2.c4 e6 3.g3 c5 4.d5 exd5 5.cxd5 d6 6.Nc3 g6 7.Bg2 Bg7 8.Nf3 O-O 
9.O-O a6 10.a4 Nbd7 11.Re1 h6 12.h3 Rb8 13.a5 b5 14.axb6 Nxb6 15.Nd2 Nfd7 
16.f4 f5 17.e4 Nf6 18.exf5 Bxf5 19.Kh2 Bc8 20.Ra2 Kh7 21.Nde4 Nxe4 22.Bxe4
Qd7 23.Bg2 Bb7 24.Qd3 Rbe8 25.Re6 Qf7 26.Be4 Rxe6 27.dxe6 Bxe4 28.Qxe4 Qe7
29.Rxa6 Nc8 30.Nd5 Qe8 31.Ra8 Qb5 32.e7 Nxe7 33.Nxe7 Rxa8 34.Qxa8 Qe2+ 35.
Qg2 Qxe7 1/2-1/2

[Event "Zonal 1.1 (w)"]
[Site "Delden NED"]
[Date "1993.??.??"]
[Round "2"]
[White "Garcia Vicente, Nieves"]
[Black "Flear, Christine"]
[Result "1/2-1/2"]
[WhiteElo "2235"]
[BlackElo "2195"]
[EventDate "1993.??.??"]
[PlyCount "48"]

1.d4 Nf6 2.c4 c5 3.d5 b5 4.cxb5 a6 5.e3 axb5 6.Bxb5 Qa5+ 7.Nc3 Bb7 8.Bd2 
Qb6 9.Qb3 e6 10.Bc4 Qxb3 11.Bxb3 Na6 12.Nge2 Nb4 13.O-O Nbxd5 14.Nxd5 Bxd5
15.Bxd5 Nxd5 16.e4 Nf6 17.Nc3 Be7 18.Rfe1 h6 19.Rad1 O-O 20.Bf4 Rfd8 21.
Bc7 Rdc8 22.Be5 Rd8 23.Bc7 Rdc8 24.Be5 Rd8 1/2-1/2

[Event "Zonal 1.1 (w)"]
[Site "Delden NED"]
[Date "1993.??.??"]
[Round "2"]
[White "Gervais, Claire"]
[Black "Sziva, Erika"]
[Result "1/2-1/2"]
[WhiteElo "2185"]
[BlackElo "2235"]
[EventDate "1993.??.??"]
[PlyCount "155"]

1.d4 Nf6 2.c4 g6 3.Nc3 Bg7 4.e4 d6 5.f3 O-O 6.Be3 c5 7.dxc5 dxc5 8.Qxd8 
Rxd8 9.Bxc5 Nc6 10.Ba3 b6 11.Rd1 Nd7 12.Nge2 e6 13.Nb5 Bb7 14.Nc1 a5 15.
Nd3 Nd4 16.Nxd4 Bxd4 17.Be2 Nc5 18.b3 a4 19.Nxc5 bxc5 20.bxa4 Bc6 21.Rd3 
Bxa4 22.Kd2 Rdb8 23.Bd1 Bc6 24.Bc2 Ra6 25.Rb1 Rba8 26.Bb2 e5 27.Bb3 f5 28.
Bxd4 exd4 29.exf5 gxf5 30.Re1 Ba4 31.Re5 Bxb3 32.Rxb3 Rxa2+ 33.Kd3 R8a3 
34.Rxa3 Rxa3+ 35.Ke2 Ra2+ 36.Kf1 Ra1+ 37.Kf2 Ra2+ 38.Kg3 f4+ 39.Kxf4 Rxg2 
40.Rxc5 d3 41.Rd5 d2 42.h4 Rh2 43.Kg3 Re2 44.c5 Kf7 45.f4 Re3+ 46.Kf2 Re4 
47.Kf3 Rc4 48.Rxd2 Rxc5 49.Rg2 Rc3+ 50.Kg4 Rc1 51.Rb2 Rc7 52.Rb5 Ra7 53.h5
h6 54.Rb6 Ra1 55.Rxh6 Rg1+ 56.Kf5 Rh1 57.Rh7+ Kg8 58.Kg6 Rg1+ 59.Kh6 Rf1 
60.Rg7+ Kf8 61.Rg4 Kf7 62.Kg5 Ra1 63.h6 Kg8 64.Kh5+ Kh7 65.Rg7+ Kh8 66.Rd7
Rg1 67.f5 Rh1+ 68.Kg6 Rg1+ 69.Kf7 Kh7 70.Ke8+ Kxh6 71.f6 Rg8+ 72.Ke7 Ra8 
73.Kf7 Ra1 74.Ke8 Kg6 75.Rd6 Ra8+ 76.Ke7 Ra7+ 77.Ke6 Ra1 78.f7 1/2-1/2

[Event "Zonal 1.1 (w)"]
[Site "Delden NED"]
[Date "1993.??.??"]
[Round "2"]
[White "Hunt, Harriet"]
[Black "Mora, Virginie"]
[Result "1/2-1/2"]
[WhiteElo "2125"]
[BlackElo "2160"]
[EventDate "1993.??.??"]
[PlyCount "42"]

1.e4 d6 2.d4 Nf6 3.Nc3 c6 4.a4 Qa5 5.Bd2 e5 6.Nf3 Bg4 7.h3 Bxf3 8.Qxf3 Qc7
9.dxe5 dxe5 10.Bc4 Bb4 11.O-O O-O 12.Rad1 Nbd7 13.Rfe1 Rad8 14.Nb1 Bxd2 
15.Nxd2 Nc5 16.b3 Rd7 17.Qe3 b6 18.Be2 Rfd8 19.Bf3 Rd4 20.Qe2 Ne6 21.Nc4 
Nf4 1/2-1/2

[Event "Zonal 1.1 (w)"]
[Site "Delden NED"]
[Date "1993.??.??"]
[Round "2"]
[White "Jackson, Sheila"]
[Black "Van Parreren, Hanneke"]
[Result "1/2-1/2"]
[WhiteElo "2215"]
[BlackElo "2185"]
[EventDate "1993.??.??"]
[PlyCount "67"]

1.e4 c6 2.d4 d5 3.Nd2 dxe4 4.Nxe4 Bf5 5.Ng3 Bg6 6.h4 h6 7.Nf3 Nd7 8.h5 Bh7
9.Bd3 Bxd3 10.Qxd3 e6 11.Bd2 Ngf6 12.O-O-O Be7 13.Ne4 Nxe4 14.Qxe4 Nf6 15.
Qe2 Qd5 16.c4 Qe4 17.Qxe4 Nxe4 18.Be3 O-O 19.Ne5 Rfd8 20.g4 c5 21.dxc5 
Bxc5 22.Bxc5 Nxc5 23.Kc2 a5 24.f3 Kf8 25.b3 Ke7 26.Kc3 Rac8 27.a3 Nd7 28.
Nxd7 Rxd7 29.Rxd7+ Kxd7 30.Rd1+ Kc7 31.b4 axb4+ 32.axb4 Ra8 33.Kb3 b6 34.
Kb2 1/2-1/2

[Event "Zonal 1.1 (w)"]
[Site "Delden NED"]
[Date "1993.??.??"]
[Round "2"]
[White "Limbach, Renate"]
[Black "Arkell, Susan"]
[Result "1/2-1/2"]
[WhiteElo "2170"]
[BlackElo "2335"]
[EventDate "1993.??.??"]
[PlyCount "38"]

1.e4 c5 2.c3 d5 3.exd5 Qxd5 4.d4 Nf6 5.Nf3 Bg4 6.Be2 e6 7.O-O cxd4 8.cxd4 
Nc6 9.Nc3 Qd7 10.Ne5 Bxe2 11.Nxd7 Bxd1 12.Nxf6+ gxf6 13.Rxd1 O-O-O 14.d5 
Nb4 15.Bf4 e5 16.Bg3 Bh6 17.Bh4 Bg5 18.Bxg5 fxg5 19.a3 Na6 1/2-1/2

[Event "Zonal 1.1 (w)"]
[Site "Delden NED"]
[Date "1993.??.??"]
[Round "3"]
[White "Arkell, Susan"]
[Black "Garcia Vicente, Nieves"]
[Result "1/2-1/2"]
[WhiteElo "2335"]
[BlackElo "2235"]
[EventDate "1993.??.??"]
[PlyCount "80"]

1.e4 e5 2.Nf3 Nc6 3.d4 exd4 4.Nxd4 Nf6 5.Nc3 Bb4 6.Nxc6 bxc6 7.Bd3 d5 8.
exd5 cxd5 9.O-O O-O 10.Bg5 c6 11.Qf3 Bd6 12.Rfe1 Rb8 13.Na4 h6 14.Bxf6 
Qxf6 15.Qxf6 gxf6 16.b3 Be6 17.Rad1 Rfd8 18.g3 a5 19.Kg2 Kg7 20.Rd2 d4 21.
Rde2 Bb4 22.Rd1 Bd5+ 23.f3 Re8 24.Kf2 Re5 25.Be4 Bxe4 26.Rxe4 c5 27.Rd3 
Rbe8 28.c3 Rxe4 29.fxe4 dxc3 30.Nxc3 c4 31.bxc4 Rc8 32.Kf3 Rxc4 33.Nd5 Rc2
34.Nxb4 axb4 35.Rb3 Rxa2 36.Rxb4 Rxh2 37.g4 Ra2 38.Rb5 Kg6 39.Kf4 Ra3 40.
Rc5 Rb3 1/2-1/2

[Event "Zonal 1.1 (w)"]
[Site "Delden NED"]
[Date "1993.??.??"]
[Round "3"]
[White "Flear, Christine"]
[Black "Gervais, Claire"]
[Result "1/2-1/2"]
[WhiteElo "2195"]
[BlackElo "2185"]
[EventDate "1993.??.??"]
[PlyCount "40"]

1.c4 e6 2.Nf3 d5 3.b3 Nf6 4.g3 c6 5.Bg2 Bd6 6.Bb2 b5 7.O-O Bb7 8.Qc2 Nbd7 
9.d3 O-O 10.Nbd2 Rc8 11.Rac1 Qe7 12.Qb1 b4 13.Rfe1 Ba8 14.e4 dxe4 15.dxe4 
e5 16.Nf1 Nc5 17.Nh4 g6 18.Ne3 Rcd8 19.Rcd1 Bc7 20.Qc2 Bb7 1/2-1/2

[Event "Zonal 1.1 (w)"]
[Site "Delden NED"]
[Date "1993.??.??"]
[Round "3"]
[White "Hunt, Harriet"]
[Black "Jackson, Sheila"]
[Result "1/2-1/2"]
[WhiteElo "2125"]
[BlackElo "2215"]
[EventDate "1993.??.??"]
[PlyCount "43"]

1.e4 e5 2.Nf3 Nc6 3.Bb5 a6 4.Ba4 Nf6 5.O-O Be7 6.Re1 b5 7.Bb3 d6 8.c3 O-O 
9.h3 Bb7 10.d4 Re8 11.Nbd2 Bf8 12.a4 h6 13.Bc2 exd4 14.cxd4 Nb4 15.Bb1 c5 
16.d5 Nd7 17.Ra3 f5 18.exf5 Nf6 19.Ne4 Bxd5 20.Nxf6+ Qxf6 21.Rae3 Bf7 22.
axb5 1/2-1/2

[Event "Zonal 1.1 (w)"]
[Site "Delden NED"]
[Date "1993.??.??"]
[Round "3"]
[White "Milligan-Scott, Helen"]
[Black "Foulon, Greta"]
[Result "1-0"]
[WhiteElo "2030"]
[BlackElo "2010"]
[EventDate "1993.??.??"]
[PlyCount "115"]

1.e4 e5 2.Nf3 Nc6 3.Bb5 a6 4.Bxc6 dxc6 5.O-O f6 6.d4 Bg4 7.dxe5 Qxd1 8.
Rxd1 fxe5 9.Rd3 Bd6 10.h3 Bxf3 11.Rxf3 Nf6 12.Nc3 O-O 13.Rd3 Bc5 14.Be3 
Bxe3 15.Rxe3 Rad8 16.Rd3 Rd4 17.f3 Rfd8 18.Rad1 R4d6 19.Kf2 Kf7 20.g3 c5 
21.Na4 Rxd3 22.Rxd3 Rxd3 23.cxd3 Nd7 24.f4 b5 25.Nc3 exf4 26.gxf4 c6 27.
Kf3 Nb6 28.e5 c4 29.dxc4 Nxc4 30.b3 Nb6 31.Ke4 b4 32.Ne2 c5 33.f5 a5 34.
Nf4 c4 35.bxc4 a4 36.Nd3 b3 37.axb3 axb3 38.Nb2 g6 39.fxg6+ hxg6 40.c5 Nc8
41.Kd5 Ke7 42.Nd3 g5 43.Nb2 Na7 44.Nd3 Nc8 45.Kc4 Ke6 46.Kxb3 Kd5 47.Kc3 
Ne7 48.Kd2 Nc6 49.Ke3 Nd8 50.Kf3 Ne6 51.Kg4 Ke4 52.c6 Kd5 53.c7 Nxc7 54.
Kxg5 Ne6+ 55.Kf6 Nd4 56.Nf4+ Ke4 57.Ng6 Nf3 58.e6 1-0

[Event "Zonal 1.1 (w)"]
[Site "Delden NED"]
[Date "1993.??.??"]
[Round "3"]
[White "Mora, Virginie"]
[Black "De Vries, Sylvia"]
[Result "1/2-1/2"]
[WhiteElo "2160"]
[BlackElo "2175"]
[EventDate "1993.??.??"]
[PlyCount "77"]

1.d4 g6 2.c4 Bg7 3.e4 d6 4.Nc3 Nc6 5.d5 Nd4 6.Nge2 c5 7.Be3 Nxe2 8.Bxe2 
Bxc3+ 9.bxc3 Qa5 10.Qd3 Nf6 11.h3 Nxe4 12.O-O Nf6 13.g4 h5 14.Bg5 Nh7 15.
Bh6 hxg4 16.hxg4 Qd8 17.Rfe1 Kd7 18.Bd1 Kc7 19.Qe3 e6 20.dxe6 fxe6 21.Bf4 
b6 22.Bf3 Bb7 23.Bxb7 Kxb7 24.Qxe6 Nf8 25.Qd5+ Ka6 26.Bg5 Qc8 27.f3 Qb7 
28.Qd1 Qc6 29.Qd5 Qxd5 30.cxd5 Nd7 31.Re6 Rh3 32.Kg2 Rah8 33.Bf4 Ne5 34.
Bxe5 dxe5 35.Rxe5 Rh2+ 36.Kg3 Rc2 37.Re3 Rhh2 38.Kf4 Rcd2 39.c4 1/2-1/2

[Event "Zonal 1.1 (w)"]
[Site "Delden NED"]
[Date "1993.??.??"]
[Round "3"]
[White "Sziva, Erika"]
[Black "Cooper, Deborah"]
[Result "1-0"]
[WhiteElo "2235"]
[BlackElo "2055"]
[EventDate "1993.??.??"]
[PlyCount "75"]

1.e4 Nc6 2.Nf3 d6 3.d4 Nf6 4.Nc3 Bg4 5.Be3 e6 6.Be2 Be7 7.h3 Bh5 8.a3 O-O 
9.Qd2 Bg6 10.Bd3 e5 11.O-O-O a6 12.Qe2 exd4 13.Nxd4 Nxd4 14.Bxd4 c5 15.Be3
b5 16.e5 Bxd3 17.Rxd3 c4 18.exf6 cxd3 19.fxe7 Qxe7 20.Qxd3 Rac8 21.Rd1 
Rfd8 22.Qd5 Qc7 23.Bd4 Qe7 24.b3 Rd7 25.Rd3 Kf8 26.Kb2 Rdc7 27.Rg3 f6 28.
Qf5 h6 29.Re3 Qf7 30.Re2 Re8 31.Rxe8+ Qxe8 32.Nd5 Rf7 33.Qh7 Rd7 34.Qh8+ 
Kf7 35.Qxe8+ Kxe8 36.Bxf6 Rf7 37.Bd4 Kd7 38.f3 1-0

[Event "Zonal 1.1 (w)"]
[Site "Delden NED"]
[Date "1993.??.??"]
[Round "3"]
[White "Van Parreren, Hanneke"]
[Black "Limbach, Renate"]
[Result "1/2-1/2"]
[WhiteElo "2185"]
[BlackElo "2170"]
[EventDate "1993.??.??"]
[PlyCount "54"]

1.d4 d5 2.c4 e6 3.Nf3 Nf6 4.Nc3 Be7 5.Bg5 Ne4 6.Nxe4 dxe4 7.Bxe7 Qxe7 8.
Nd2 f5 9.e3 O-O 10.Qb3 c5 11.Qa3 b6 12.O-O-O Nc6 13.f4 exf3 14.Nxf3 e5 15.
d5 Nb4 16.h4 e4 17.Ng5 f4 18.Qb3 h6 19.Nh3 fxe3 20.a3 Rxf1 21.axb4 Rxd1+ 
22.Rxd1 Bg4 23.Re1 e2 24.Qg3 h5 25.Nf2 cxb4 26.Nxg4 hxg4 27.Qxg4 Re8 
1/2-1/2

[Event "Zonal 1.1 (w)"]
[Site "Delden NED"]
[Date "1993.??.??"]
[Round "4"]
[White "Cooper, Deborah"]
[Black "Mora, Virginie"]
[Result "0-1"]
[WhiteElo "2055"]
[BlackElo "2160"]
[EventDate "1993.??.??"]
[PlyCount "102"]

1.e4 c5 2.Nf3 e6 3.d4 cxd4 4.Nxd4 Nf6 5.Nc3 d6 6.g4 h6 7.h4 Nc6 8.g5 hxg5 
9.Bxg5 a6 10.Be2 Bd7 11.Nb3 Qc7 12.Qd2 O-O-O 13.O-O-O Kb8 14.f4 Be7 15.h5 
Bc8 16.Qe3 Ng8 17.Rhg1 Nf6 18.Rh1 Ne8 19.Bxe7 Nxe7 20.Na4 Bd7 21.Nb6 Bc6 
22.Nc4 Nf6 23.Ncd2 Rc8 24.c3 d5 25.e5 Nf5 26.Qf2 Ne4 27.Nxe4 dxe4 28.Nd4 
Ba4 29.Nxf5 Bxd1 30.Nd6 Bxe2 31.Qxe2 Rcd8 32.Rg1 f5 33.Rg6 Rh6 34.Rg5 Rh7 
35.Qg2 Rdh8 36.Qd2 Qc6 37.Nf7 Rf8 38.Nd6 Qd5 39.c4 Qc6 40.Kb1 Rg8 41.Qg2 
Qa4 42.b3 Qa5 43.Kb2 Qe1 44.Ka3 Qc1+ 45.Ka4 Qxf4 46.Nf7 Qf3 47.Qd2 Qd3 48.
Qxd3 exd3 49.Rg3 Rxh5 50.Rxd3 Kc7 51.Rd6 Rf8 0-1

[Event "Zonal 1.1 (w)"]
[Site "Delden NED"]
[Date "1993.??.??"]
[Round "4"]
[White "De Vries, Sylvia"]
[Black "Hunt, Harriet"]
[Result "1-0"]
[WhiteElo "2175"]
[BlackElo "2125"]
[EventDate "1993.??.??"]
[PlyCount "45"]

1.d4 d5 2.Nf3 Nf6 3.c4 e6 4.Bg5 Be7 5.Nc3 O-O 6.Qc2 Nbd7 7.e3 h6 8.Bxf6 
Nxf6 9.O-O-O c6 10.h4 Re8 11.g3 a5 12.Be2 dxc4 13.Ne5 Nd7 14.Bxc4 Bf6 15.
f4 Nf8 16.h5 Bd7 17.g4 b5 18.Bd3 Be7 19.g5 hxg5 20.h6 gxh6 21.Rxh6 Bf6 22.
Rdh1 Bxe5 23.fxe5 1-0

[Event "Zonal 1.1 (w)"]
[Site "Delden NED"]
[Date "1993.??.??"]
[Round "4"]
[White "Flear, Christine"]
[Black "Arkell, Susan"]
[Result "1/2-1/2"]
[WhiteElo "2195"]
[BlackElo "2335"]
[EventDate "1993.??.??"]
[PlyCount "84"]

1.d4 Nc6 2.Bf4 d6 3.c3 e5 4.dxe5 Nxe5 5.Nd2 Nf6 6.Ngf3 Ng6 7.Bg3 Be7 8.e3 
Nh5 9.Qb3 c6 10.Bd3 O-O 11.O-O Nxg3 12.hxg3 Ne5 13.Be2 Ng4 14.Rad1 Qc7 15.
Nh2 Nxh2 16.Kxh2 d5 17.Nf3 b5 18.Qc2 g6 19.e4 dxe4 20.Qxe4 Be6 21.Qe5 Rac8
22.Qxc7 Rxc7 23.b3 a6 24.Nd4 Bc8 25.Bf3 Bf6 26.Ne2 Re8 27.Rd6 Kg7 28.Nf4 
Bb7 29.c4 Be5 30.Rd2 g5 31.Nh5+ Kg6 32.Kg1 c5 33.g4 Rce7 34.Bxb7 Rxb7 35.
Rd5 bxc4 36.bxc4 f5 37.Rxc5 fxg4 38.Ng3 Bxg3 39.Rc6+ Kg7 40.fxg3 Re2 41.
Rxa6 Rbb2 42.Rd1 Rxg2+ 1/2-1/2

[Event "Zonal 1.1 (w)"]
[Site "Delden NED"]
[Date "1993.??.??"]
[Round "4"]
[White "Garcia Vicente, Nieves"]
[Black "Van Parreren, Hanneke"]
[Result "1/2-1/2"]
[WhiteElo "2235"]
[BlackElo "2185"]
[EventDate "1993.??.??"]
[PlyCount "107"]

1.d4 d6 2.c4 f5 3.Nf3 Nf6 4.g3 g6 5.Bg2 Bg7 6.O-O O-O 7.Nc3 Qe8 8.d5 Na6 
9.Nd4 Bd7 10.Rb1 c6 11.b3 Nc7 12.Re1 c5 13.Ne6 Nxe6 14.dxe6 Bxe6 15.Bxb7 
Rb8 16.Bg2 a5 17.Bd2 Qd8 18.Qc2 Bd7 19.a4 Qb6 20.Red1 Bc6 21.Nd5 Bxd5 22.
cxd5 Ng4 23.e3 Qa6 24.Bf1 Qb6 25.Be2 Nf6 26.Be1 Ra8 27.Bb5 Ra7 28.h3 Rc8 
29.Kh2 Nd7 30.Be2 Nf6 31.Qc4 Rb8 32.Qc2 Qd8 33.Bb5 Qf8 34.Qe2 Ne4 35.Rbc1 
Kh8 36.Rc4 Nf6 37.Rc2 Ne8 38.Bc4 Nc7 39.Bd2 Be5 40.Qe1 Rba8 41.Qe2 Qd8 42.
e4 fxe4 43.Qxe4 Rb8 44.Be3 Bf6 45.Qd3 Qc8 46.Re2 Na6 47.Qe4 Nb4 48.Bf4 Qg8
49.g4 Qf7 50.Bg3 Rf8 51.Kg2 Bc3 52.Bh4 Bf6 53.Bg3 Bc3 54.Bh4 1/2-1/2

[Event "Zonal 1.1 (w)"]
[Site "Delden NED"]
[Date "1993.??.??"]
[Round "4"]
[White "Gervais, Claire"]
[Black "De Kleuver, Esther"]
[Result "1/2-1/2"]
[WhiteElo "2185"]
[BlackElo "2130"]
[EventDate "1993.??.??"]
[PlyCount "88"]

1.d4 Nf6 2.c4 e6 3.Nc3 Bb4 4.e3 Nc6 5.Bd3 e5 6.a3 Bxc3+ 7.bxc3 O-O 8.Ne2 
d6 9.e4 Ne7 10.O-O Ng6 11.f3 Re8 12.Qe1 Bd7 13.Kh1 Qe7 14.d5 b6 15.g4 Rf8 
16.Ra2 Bc8 17.Ng3 Nf4 18.Bxf4 exf4 19.Ne2 g5 20.h4 h6 21.Nd4 Nd7 22.Nf5 
Qf6 23.Rh2 Ne5 24.hxg5 hxg5 25.Rh6 Nxd3 26.Qd2 Qe5 27.Qxd3 Bxf5 28.gxf5 
Kg7 29.Rh2 Rh8 30.Rf2 f6 31.Kg1 Rxh2 32.Rxh2 Rh8 33.Rxh8 Kxh8 34.Qd2 Kg7 
35.Kf1 Qe8 36.Qc2 a5 37.Ke2 Qd7 38.Kd3 Qe8 39.Qh2 Qf7 40.Qh1 Qe8 41.Kc2 
Qa4+ 42.Kd3 Qe8 43.Qh2 Qa4 44.Qh1 Qe8 1/2-1/2

[Event "Zonal 1.1 (w)"]
[Site "Delden NED"]
[Date "1993.??.??"]
[Round "4"]
[White "Jackson, Sheila"]
[Black "Milligan-Scott, Helen"]
[Result "1/2-1/2"]
[WhiteElo "2215"]
[BlackElo "2030"]
[EventDate "1993.??.??"]
[PlyCount "51"]

1.e4 e5 2.Nf3 Nf6 3.Nxe5 d6 4.Nf3 Nxe4 5.d4 d5 6.Bd3 Be7 7.O-O Nc6 8.Re1 
Bg4 9.c4 Nf6 10.Nc3 O-O 11.cxd5 Nb4 12.Bb1 Re8 13.h3 Bxf3 14.Qxf3 Nbxd5 
15.Bg5 c6 16.Bc2 Nxc3 17.bxc3 Qd5 18.Qxd5 Nxd5 19.Bxe7 Nxe7 20.c4 g6 21.
Rad1 Nf5 22.d5 cxd5 23.Bxf5 gxf5 24.cxd5 Rxe1+ 25.Rxe1 Rd8 26.Re7 1/2-1/2

[Event "Zonal 1.1 (w)"]
[Site "Delden NED"]
[Date "1993.??.??"]
[Round "4"]
[White "Limbach, Renate"]
[Black "Sziva, Erika"]
[Result "1-0"]
[WhiteElo "2170"]
[BlackElo "2235"]
[EventDate "1993.??.??"]
[PlyCount "95"]

1.e4 c5 2.c3 b6 3.d4 Bb7 4.Bd3 Nf6 5.Qe2 cxd4 6.cxd4 Nc6 7.Nf3 Nb4 8.Nc3 
Nxd3+ 9.Qxd3 e6 10.O-O Bb4 11.Re1 Bxc3 12.bxc3 Rc8 13.Ba3 Qc7 14.Rac1 Qc4 
15.Qc2 Ng4 16.Nd2 Qc7 17.e5 f5 18.f3 Nh6 19.c4 Kf7 20.Qd3 Rhe8 21.c5 Kg8 
22.Nc4 Ba6 23.Qb3 Bxc4 24.Rxc4 a6 25.Ra4 bxc5 26.Bxc5 Qc6 27.Qa3 Ra8 28.
Rb1 Reb8 29.Rab4 Rb5 30.Rxb5 axb5 31.Qb3 f4 32.a3 Ra5 33.Bb4 Ra8 34.Bc5 
Ra5 35.Bb4 Ra8 36.Bc5 Ra5 37.Qb4 Qa8 38.Qd2 g5 39.Qd3 Qc6 40.Qd2 Ra4 41.h4
Nf7 42.Rc1 Qd5 43.Bb4 Ra8 44.hxg5 Nxg5 45.Qxf4 h6 46.Be7 Nf7 47.Rc5 Qb7 
48.Qf6 1-0

[Event "Zonal 1.1 (w)"]
[Site "Delden NED"]
[Date "1993.??.??"]
[Round "5"]
[White "Arkell, Susan"]
[Black "Van Parreren, Hanneke"]
[Result "1-0"]
[WhiteElo "2335"]
[BlackElo "2185"]
[EventDate "1993.??.??"]
[PlyCount "71"]

1.e4 c6 2.d4 d5 3.Nd2 dxe4 4.Nxe4 Bf5 5.Ng3 Bg6 6.h4 h6 7.Nf3 Nd7 8.h5 Bh7
9.Bd3 Bxd3 10.Qxd3 e6 11.Bd2 Ngf6 12.O-O-O Be7 13.Ne4 Nxe4 14.Qxe4 Nf6 15.
Qe2 Qd5 16.c4 Qe4 17.Qxe4 Nxe4 18.Be3 Rd8 19.Ne5 Nf6 20.g4 Nd7 21.Nd3 Rc8 
22.Kb1 c5 23.dxc5 Nxc5 24.b3 Ne4 25.Bd4 Bf6 26.Bxf6 Nxf6 27.f3 Ke7 28.Ne5 
Rhd8 29.Kb2 Ne8 30.b4 f6 31.Ng6+ Kf7 32.Kb3 b6 33.Rhe1 Nd6 34.Rd3 Nb7 35.
Red1 e5 36.Rd7+ 1-0

[Event "Zonal 1.1 (w)"]
[Site "Delden NED"]
[Date "1993.??.??"]
[Round "5"]
[White "De Kleuver, Esther"]
[Black "Milligan-Scott, Helen"]
[Result "1-0"]
[WhiteElo "2130"]
[BlackElo "2030"]
[EventDate "1993.??.??"]
[PlyCount "87"]

1.e4 e5 2.Nc3 Nf6 3.f4 d6 4.Nf3 Nc6 5.Bb5 Bg4 6.d3 a6 7.Bxc6+ bxc6 8.h3 
Bxf3 9.Qxf3 Be7 10.Bd2 Qc8 11.O-O-O a5 12.g4 Rb8 13.Rde1 Nd7 14.f5 f6 15.
g5 Nc5 16.Rhg1 Qb7 17.Nd1 Na4 18.b3 Qb6 19.Qh5+ Kd7 20.Qf7 Nc5 21.Qxg7 
Rbg8 22.Qh6 d5 23.Ne3 fxg5 24.exd5 cxd5 25.Qxb6 cxb6 26.Nxd5 Bd8 27.Bc3 
Kc6 28.Ne3 Re8 29.Ng4 Rhf8 30.Nxe5+ Kc7 31.Rgf1 Nd7 32.Nxd7 Rxe1+ 33.Rxe1 
Kxd7 34.Rf1 Bf6 35.Bxf6 Rxf6 36.Kd2 Kd6 37.Ke3 h5 38.Ke4 Rf8 39.d4 g4 40.
hxg4 hxg4 41.c4 g3 42.Rg1 Rg8 43.Kf3 Rg5 44.Kf4 1-0